[Event "Challenge"]
[Site "http://www.queenalice.com/game.php?id=768403"]
[Date "2010.4.30"]
[Round "-"]
[White "TD"]
[Black "pmq"]
[Result "1-0"]
[WhiteElo "1796"]
[BlackElo "1671"]

1. e4 e5 2. Nf3 Nc6 3. c3 d5 4. Qa4 Bd7 5. Bb5 a6 6. Bxc6 Bxc6 7. Qd1 Bd6 8. O-O
dxe4 9. Ne1 Nf6 10. d3 exd3 11. Nxd3 O-O 12. f3 e4 13. Nb4 exf3 14. Nxc6 Bc5+
15. Nd4 fxg2 16. Kxg2 Ne4 17. Qg4 Qd5 18. Qf5 Nxc3+ 19. Qxd5 Nxd5 20. Nb3 Ne3+
21. Bxe3 Bxe3 22. Nc3 c6 23. Rae1 Bg5 24. Ne4 Bh4 25. Ng3 b6 26. Nd4 Rac8 27.
Ndf5 Bf6 28. b3 Bc3 29. Re3 Bd2 30. Rd3 Bb4 31. Nd6 Rcd8 32. Rfd1 g6 33. Nc4 Rb8
34. Ne5 Rbc8 35. Nd7 Kg7 36. Nxf8 Rxf8 37. Rd4 a5 38. Rd8 Rxd8 39. Rxd8 b5 40.
Ne2 a4 41. Nd4 axb3 42. axb3 Ba5 43. Rc8 Bb6 44. Nxc6 1-0

[Event "Challenge"]
[Site "http://www.queenalice.com/game.php?id=785743"]
[Date "2010.6.5"]
[Round "-"]
[White "denaultj"]
[Black "TD"]
[Result "0-1"]
[WhiteElo "1760"]
[BlackElo "1834"]

1. e4 g6 2. d4 Bg7 3. c3 d6 4. d5 Nf6 5. Nf3 O-O 6. Bd3 c5 7. b4 c4 8. Bxc4 Nxe4
9. O-O Nd7 10. Be3 Nxc3 11. Nxc3 Bxc3 12. Bh6 Bxa1 13. Qxa1 Nf6 14. Bxf8 Qxf8
15. a4 a6 16. a5 Bg4 17. Nd2 Qg7 18. h3 Bd7 19. Re1 Re8 20. Qd4 e6 21. dxe6 Bxe6
22. Qxd6 Bxc4 23. Rxe8+ Nxe8 24. Qb8 Bb5 25. Ne4 Qd4 26. Qxb7 Qxb4 27. Ng5 Qb1+
28. Kh2 Qf5 29. Qe7 Qxf2 30. Nf3 Qa2 31. Ne5 Kg7 32. Ng4 Qe6 33. Qg5 Nf6 34.
Qh6+ Kg8 35. Ne3 Nd5 36. Nc2 Qd6+ 37. g3 Nb4 38. Ne3 Qd2+ 0-1

[Event "QA-ANNIV-06"]
[Site "http://www.queenalice.com/game.php?id=790980"]
[Date "2010.6.16"]
[Round "1"]
[White "TD"]
[Black "farnoud13"]
[Result "1-0"]
[WhiteElo "1807"]
[BlackElo "2059"]

1. e4 c6 2. d4 d5 3. Nc3 dxe4 4. Nxe4 Nd7 5. Qe2 e6 6. Bg5 Ngf6 7. O-O-O Qa5 8.
Nxf6+ Nxf6 9. Bxf6 gxf6 10. Kb1 Bd7 11. h4 h5 12. f3 O-O-O 13. f4 c5 14. Nf3 Bc6
15. c3 cxd4 16. Nxd4 Bd5 17. a3 Rd6 18. Qb5 Qc7 19. Rg1 Rb6 20. Qe8+ Qd8 21.
Qxd8+ Kxd8 22. c4 Be4+ 23. Bd3 Bxd3+ 24. Rxd3 Kc8 25. Rgd1 Be7 26. b4 1-0

[Event "Challenge"]
[Site "http://www.queenalice.com/game.php?id=828042"]
[Date "2010.9.4"]
[Round "-"]
[White "ron_h_roy2003"]
[Black "TD"]
[Result "0-1"]
[WhiteElo "1540"]
[BlackElo "1821"]

1. c4 Nf6 2. Nf3 g6 3. d4 d6 4. g3 Nbd7 5. d5 Nb6 6. Na3 Bg7 7. Bg2 e5 8. Bg5 e4
9. Nd4 Qe7 10. Nab5 O-O 11. O-O a6 12. Nc3 Nxc4 13. Qc2 e3 14. fxe3 Nxe3 15.
Bxe3 Qxe3+ 16. Kh1 Qxd4 17. a3 Bf5 18. Qb3 b5 19. Rad1 Qe5 20. a4 Ng4 21. Rc1
Ne3 22. Rf2 Nxg2 23. Rxg2 Qe3 24. Rd1 Bxc3 25. Rd3 Qc1+ 26. Rd1 Qxb2 27. Qxb2
Bxb2 28. h4 Be4 0-1

[Event "Challenge"]
[Site "http://www.queenalice.com/game.php?id=832761"]
[Date "2010.9.14"]
[Round "-"]
[White "TD"]
[Black "denaultj"]
[Result "1-0"]
[WhiteElo "1877"]
[BlackElo "1790"]

1. e4 e5 2. Nf3 Nf6 3. Nxe5 Nxe4 4. Qe2 Nf6 5. Nc6+ Be7 6. Nxd8 Kxd8 7. Qd3 Nc6
8. g3 Re8 9. Bg2 Ng4 10. O-O Bc5 11. Bxc6 bxc6 12. Qc4 d6 13. d4 Re4 14. c3 a5
15. f3 Ba6 16. Qxf7 Re7 17. Qf8+ Re8 18. Bg5+ Nf6 19. Bxf6+ gxf6 20. Qxf6+ Kc8
21. Qf5+ Kb7 22. Rd1 Bb6 23. Nd2 c5 24. Qd5+ Ka7 25. Ne4 Rf8 26. Kg2 h6 27. dxc5
dxc5 28. Qh5 Bb7 29. Rf1 Rh8 30. Nxc5 Bc6 31. a4 Rad8 32. Rad1 Rxd1 33. Rxd1 Rf8
34. Rf1 Rh8 35. b4 axb4 36. cxb4 Ka8 37. b5 Be8 38. Qd5+ 1-0

[Event "Challenge"]
[Site "http://www.queenalice.com/game.php?id=833870"]
[Date "2010.9.16"]
[Round "-"]
[White "pmq"]
[Black "TD"]
[Result "1-0"]
[WhiteElo "1687"]
[BlackElo "1890"]

1. e4 e5 2. Nf3 Nf6 3. d3 Nc6 4. Bg5 Be7 5. Bxf6 Bxf6 6. c3 d5 7. Nbd2 dxe4 8.
dxe4 Bg4 9. Be2 Qd7 10. h3 Bxf3 11. Bxf3 h5 12. a4 O-O-O 13. g4 g6 14. gxh5 gxh5
15. Bxh5 Rxh5 16. Qxh5 Qxd2+ 17. Kf1 Qd3+ 18. Qe2 Qxe2+ 19. Kxe2 Bg5 20. Rad1
Rh8 21. Rdg1 f6 22. Rg4 Ne7 23. Kf3 Ng6 24. Kg3 Nh4 25. f3 Bf4+ 26. Kf2 c5 27.
c4 a6 28. a5 Kc7 29. Rg7+ Kc6 30. Rd1 Bh6 31. Rf7 Rf8 32. Rfd7 1-0

[Event "AUTO-ADV-1685"]
[Site "http://www.queenalice.com/game.php?id=836600"]
[Date "2010.9.23"]
[Round "2"]
[White "PhonyBenoni"]
[Black "TD"]
[Result "0-1"]
[WhiteElo "2114"]
[BlackElo "1850"]

1. e4 e6 2. d4 d5 3. Nc3 Nf6 4. e5 Nfd7 5. f4 c5 6. Nf3 Qb6 7. Be3 Qxb2 8. Na4
Qa3 9. c3 cxd4 10. Bc1 Qe7 0-1

[Event "AUTO-ADV-1685"]
[Site "http://www.queenalice.com/game.php?id=836604"]
[Date "2010.9.23"]
[Round "2"]
[White "marcosweck"]
[Black "TD"]
[Result "1-0"]
[WhiteElo "1737"]
[BlackElo "1873"]

1. b3 c5 2. Bb2 Nc6 3. e3 e5 4. Bb5 Qf6 5. Ne2 Nb4 6. a3 Nd5 7. Nbc3 Nxc3 8.
Bxc3 a6 9. Bd3 d5 10. f4 d4 11. fxe5 Qxe5 12. exd4 cxd4 13. Bxd4 Qg5 14. O-O Bc5
15. Bxc5 Qxc5+ 16. Kh1 Ne7 17. Bc4 O-O 18. d4 Qg5 19. c3 b5 20. Bd3 1-0

[Event "AUTO-ADV-1685"]
[Site "http://www.queenalice.com/game.php?id=836605"]
[Date "2010.9.23"]
[Round "2"]
[White "TD"]
[Black "marcosweck"]
[Result "0-1"]
[WhiteElo "1896"]
[BlackElo "1714"]

1. d4 d6 2. c4 Bd7 3. Nc3 c5 4. d5 g6 5. g3 Bg7 6. Bd2 a6 7. Qb3 b6 8. Bh3 Nf6
9. Bxd7+ Nbxd7 10. Nf3 O-O 11. e4 Ne8 12. Ne2 Ne5 13. Nxe5 dxe5 14. O-O Nd6 15.
Qd3 f5 16. Nc3 Rb8 17. a3 Qd7 0-1

[Event "AUTO-ADV-1685"]
[Site "http://www.queenalice.com/game.php?id=836608"]
[Date "2010.9.23"]
[Round "2"]
[White "TD"]
[Black "superga49"]
[Result "0-1"]
[WhiteElo "1840"]
[BlackElo "2100"]

1. g4 d5 2. Bg2 Bxg4 3. c4 e6 4. Qb3 Nd7 5. cxd5 exd5 6. Bxd5 Nh6 7. Qxb7 Rb8 8.
Qxa7 Bc5 9. Qa4 Rb4 10. Qa8 Rb8 11. Qa5 O-O 12. Bf3 Qh4 13. e3 Rbe8 14. Qxc7 Ne5
15. Bxg4 Nhxg4 16. d4 Qxf2+ 17. Kd1 Nc4 0-1

[Event "AUTO-ADV-1685"]
[Site "http://www.queenalice.com/game.php?id=836609"]
[Date "2010.9.23"]
[Round "2"]
[White "superga49"]
[Black "TD"]
[Result "1-0"]
[WhiteElo "2104"]
[BlackElo "1825"]

1. d4 Nf6 2. Nf3 g6 3. c4 d6 4. Nc3 Nbd7 5. e4 e5 6. Be3 exd4 7. Nxd4 c5 8. Ndb5
a6 9. Nxd6+ Bxd6 10. Qxd6 Qe7 11. Qxe7+ Kxe7 12. Nd5+ Nxd5 13. exd5 Re8 14.
O-O-O Kf8 15. h4 Nf6 16. Bxc5+ Kg8 17. Bd3 Ng4 18. h5 Nxf2 19. Bxf2 1-0

[Event "QA-ANNIV-06"]
[Site "http://www.queenalice.com/game.php?id=837060"]
[Date "2010.9.23"]
[Round "2"]
[White "gbsalvio"]
[Black "TD"]
[Result "1-0"]
[WhiteElo "2606"]
[BlackElo "1823"]

1. Nc3 d5 2. e4 d4 3. Nce2 e5 4. Nf3 f6 5. Ng3 a6 6. Bc4 Nc6 7. d3 Nge7 8. c3
Na5 9. cxd4 exd4 10. Qa4+ Nec6 11. Bd5 Bb4+ 12. Bd2 Bxd2+ 13. Nxd2 b5 14. Qa3
Bb7 15. Nf5 Qd7 16. Be6 Qxe6 17. Nxg7+ Kf7 18. Nxe6 Kxe6 19. b4 Nxb4 20. Qxb4
Nc6 21. Qb3+ Ke7 22. Rc1 Rhf8 23. a4 Na7 24. Rxc7+ 1-0

[Event "Challenge"]
[Site "http://www.queenalice.com/game.php?id=845440"]
[Date "2010.10.14"]
[Round "-"]
[White "denaultj"]
[Black "TD"]
[Result "0-1"]
[WhiteElo "1859"]
[BlackElo "1820"]

1. e4 e6 2. d4 d5 3. e5 c5 4. dxc5 Bxc5 5. Nf3 Qb6 6. Qe2 Nc6 7. c3 Nge7 8. b4
Bxb4 9. cxb4 Qxb4+ 10. Nfd2 Nd4 11. Qd3 Nef5 12. Ba3 Qa5 13. Bb2 Nc6 14. Be2 b6
15. O-O Ba6 16. Qa3 Qxa3 17. Nxa3 Bxe2 18. Rfe1 Bd3 19. Nf3 a6 20. Rad1 Nb4 21.
Nd4 Nxd4 22. Bxd4 b5 23. Bc5 a5 24. Re3 Bc4 25. Nxc4 bxc4 26. Ra3 Nc6 27. f4 Nb8
28. f5 Nd7 29. Bd4 O-O 30. Rf1 Kh8 31. fxe6 fxe6 32. Bc3 Rxf1+ 33. Kxf1 h6 34.
h4 Kh7 35. h5 g6 36. g4 a4 37. Bd4 Nb8 38. Rf3 Nc6 39. Rf7+ Kg8 40. Rf4 Nxd4 41.
Rxd4 Rf8+ 42. Kg2 gxh5 43. Kg3 Rc8 44. gxh5 c3 45. Rd1 Kf7 46. Rf1+ Ke7 47. Rc1
Rc4 48. Rc2 d4 49. Kf2 d3 0-1

[Event "Challenge"]
[Site "http://www.queenalice.com/game.php?id=848703"]
[Date "2010.10.21"]
[Round "-"]
[White "TD"]
[Black "pmq"]
[Result "1-0"]
[WhiteElo "1829"]
[BlackElo "1705"]

1. e4 e5 2. f4 f6 3. Nf3 exf4 4. Bc4 c6 5. Nc3 Ne7 6. d4 d5 7. Bb3 dxe4 8. Nxe4
Bg4 9. Bxf4 Nf5 10. O-O Nxd4 11. Qxd4 Qxd4+ 12. Nxd4 Bc5 13. Nxc5 g5 14. Rae1+
Kf8 15. Bd6+ Kg7 16. Re7+ Kg6 17. Bf7+ 1-0

[Event "Challenge"]
[Site "http://www.queenalice.com/game.php?id=867446"]
[Date "2010.12.4"]
[Round "-"]
[White "pmq"]
[Black "TD"]
[Result "0-1"]
[WhiteElo "1699"]
[BlackElo "1863"]

1. e4 e5 2. Nf3 Nf6 3. Nc3 Nc6 4. a3 d6 5. Bb5 Bd7 6. Bxc6 Bxc6 7. d4 Nxe4 8. d5
Nxc3 9. bxc3 Bb5 10. a4 Bc4 11. Nd2 Bxd5 12. c4 Bxg2 13. Rg1 Bc6 14. Bb2 g6 15.
Qe2 Qh4 16. O-O-O Bxa4 17. Rh1 Bh6 18. c5 Rc8 19. Kb1 Bc6 20. f3 Bxd2 21. Rxd2
Qb4 22. Qe3 O-O 23. Kc1 Qxc5 24. Qh6 Bxf3 25. Rf1 Qc6 26. Rd3 Be2 27. Rc3 Qd7
28. Re1 Bg4 29. h3 Bh5 30. Qe3 a5 31. Rg1 f6 32. Qh6 Qg7 33. Qd2 b5 34. Ra3 a4
35. Qd5+ Qf7 36. Qxb5 Rb8 37. Qxa4 Ra8 38. Qc6 Rxa3 39. Bxa3 f5 40. Bb4 f4 41.
Ba5 f3 42. Rf1 f2 43. Qe4 Qf4+ 44. Qxf4 Rxf4 45. Kd2 c5 46. Ke3 Rf3+ 47. Ke4 Kf7
48. h4 h6 49. Kd5 Ke7 50. Bc7 Rf6 51. c4 Bf3# 0-1

[Event "QA-ANNIV-06"]
[Site "http://www.queenalice.com/game.php?id=884982"]
[Date "2011.1.12"]
[Round "3"]
[White "eleden"]
[Black "TD"]
[Result "1-0"]
[WhiteElo "1821"]
[BlackElo "1838"]

1. d4 d5 2. Bf4 g6 3. e3 Nc6 4. c4 Nf6 5. Nc3 e6 6. Nf3 Bd6 7. Bxd6 Qxd6 8. Qa4
Qb4 9. Qxb4 Nxb4 10. Rc1 Bd7 11. a3 Na6 12. Ne5 Nb8 13. Nb5 Bxb5 14. cxb5 c6 15.
bxc6 bxc6 16. Nxc6 Nxc6 17. Rxc6 O-O 18. Bd3 Rfc8 19. Rxc8+ Rxc8 20. O-O a5 21.
a4 Nd7 22. Rb1 e5 23. Bb5 Nf8 24. dxe5 Ne6 25. f4 d4 26. Bd7 Rd8 27. Bxe6 fxe6
28. Rd1 d3 29. Kf2 Kg7 30. e4 d2 31. Ke3 Kf7 32. Rxd2 Rxd2 33. Kxd2 Ke7 34. Kc3
Kd7 35. b4 axb4+ 36. Kxb4 h6 37. Kc5 h5 38. h4 Kc7 39. a5 1-0

[Event "Challenge"]
[Site "http://www.queenalice.com/game.php?id=899666"]
[Date "2011.2.12"]
[Round "-"]
[White "TD"]
[Black "denaultj"]
[Result "1-0"]
[WhiteElo "1843"]
[BlackElo "1708"]

1. e4 e5 2. Nf3 d5 3. exd5 Bc5 4. Nc3 Nf6 5. Bb5+ c6 6. dxc6 bxc6 7. Ba4 Qd6 8.
Qe2 O-O 9. d3 Ng4 10. O-O Bd4 11. Bd2 Bf5 12. h3 Nf6 13. Ng5 Bb6 14. Nce4 Qd4
15. Nc3 h6 16. Be3 Qb4 17. Nf3 Qxb2 18. Bxb6 axb6 19. Qxe5 Be6 20. Bb3 Nbd7 21.
Qe1 Nc5 22. Rb1 Qa3 23. Bxe6 fxe6 24. Rxb6 Rfb8 25. Rxc6 Qa5 26. Ne2 Qb5 27.
Ned4 Qa4 28. Rxc5 Qxa2 29. Qxe6+ Qxe6 30. Nxe6 Nd7 31. Rc7 Kf7 32. Nfd4 Ke8 33.
Nxg7+ Ke7 34. Ngf5+ Kd8 35. Ne6+ Ke8 36. Nfg7+ Ke7 37. Re1 Ra5 38. Nc5+ Kd6 39.
Rxd7+ Kxc5 40. Re5+ Kc6 41. Rxa5 Rb1+ 42. Kh2 Kxd7 43. Rd5+ Ke7 44. c4 Kf6 45.
Nh5+ Ke6 46. Nf4+ Kf6 47. c5 Rc1 48. d4 Ke7 49. g4 Rc2 50. Kg3 Rc1 51. h4 Rd1
52. g5 Rg1+ 53. Ng2 hxg5 54. hxg5 Rh1 55. c6 Rc1 56. Rc5 1-0